|
|
|
|
| LEADER |
00000nam0a2200000 4500 |
| 001 |
137408 |
| 005 |
20231031141040.0 |
| 035 |
|
|
|a (RuTPU)RU\TPU\book\148906
|
| 090 |
|
|
|a 137408
|
| 100 |
|
|
|a 20080510d1991 k y0rusy50 ca
|
| 101 |
0 |
|
|a rus
|
| 102 |
|
|
|a KZ
|
| 105 |
|
|
|a a z 001zy
|
| 200 |
1 |
|
|a Метод рефрагированных волн при исследовании геологических сред
|f В. А. Циммер
|g Академия наук Казахской ССР (АН КазССР), Институт сейсмологии
|
| 210 |
|
|
|a Алма-Ата
|c КазВИРГ
|d 1991
|
| 215 |
|
|
|a 87 с.
|c ил.
|
| 320 |
|
|
|a Библиогр.: с. 83-86.
|
| 610 |
1 |
|
|a сейсмическая разведка
|
| 610 |
1 |
|
|a сейсмические волны
|
| 610 |
1 |
|
|a горные породы
|
| 610 |
1 |
|
|a распространение
|
| 610 |
1 |
|
|a геологические среды
|
| 610 |
1 |
|
|a исследование
|
| 610 |
1 |
|
|a проектирование
|
| 675 |
|
|
|a 550.834.3
|v 3
|
| 700 |
|
1 |
|a Циммер
|b В. А.
|g Виктор Адольфович
|
| 712 |
0 |
2 |
|a Академия наук Казахской ССР (АН КазССР)
|b Институт сейсмологии
|2 stltpush
|3 (RuTPU)RU\TPU\col\14566
|
| 801 |
|
1 |
|a RU
|b 63413507
|c 20080510
|
| 801 |
|
2 |
|a RU
|b 63413507
|c 20090512
|g PSBO
|
| 942 |
|
|
|c BK
|